00335nam a2200133Ia 450000500170000000800410001705000250005824500370008326000160012030000440013644000060018052100070018652600080019320140402110309.0140130s9999 xx 000 0 und d aE 99.M8 b.Sw83 1997 cSwamp, Chief JakeaGiving thanks bScholastic, a[24] p. : bchiefly col ill. ; c29 cm. v1 aG4 c680